| 000 | 00596nam a22002057a 4500 | ||
|---|---|---|---|
| 008 | 200305b xxu||||| |||| 00| 0 eng d | ||
| 020 | _a9993339083 | ||
| 082 | _a540/C394c | ||
| 100 | _aChaulagain, Mani raj | ||
| 245 | _a+2 chemistry volume i : for class xi of hseb and i.sc 1st year students of tu | ||
| 250 | _arev.ed. | ||
| 260 |
_aKathmandu: _bBhrikuti Academic Publication, _c2058 B.S. |
||
| 300 | _a253p.; ill. | ||
| 650 | _aChemistry | ||
| 650 |
_aAtomic structure _97661 |
||
| 650 | _aNon metals | ||
| 650 | _aThermodynamics | ||
| 700 | _aB.C, Tej bahadur | ||
| 942 |
_2ddc _cISBN |
||
| 999 |
_c95335 _d95324 |
||